000
00316nam a2200121Ia 4500
008
190216s9999||||xx |||||||||||||| ||und||
100
_a
Sreepathi Avanoshi
245
0
_a
Hindi - Sreemathbagavath Geetha Meim Thrividh Varnan
260
_b
J.P Publishing House
_c
2006
300
_a
224
650
_a
Hindi
942
_c
BK
999
_c
16489
_d
16489